ANALYTHICAL AND INSTRUMENTAL TECHNIQUES IN AGRICULTURE, ENVIROMENTAL AND FOOD ENGINEERING (Record no. 216588)

MARC details
000 -LEADER
fixed length control field 00476nam a22001577a 4500
008 - FIXED-LENGTH DATA ELEMENTS--GENERAL INFORMATION
fixed length control field 260218b |||||||| |||| 00| 0 eng d
020 ## - INTERNATIONAL STANDARD BOOK NUMBER
International Standard Book Number 978-81-203-5118-9
050 ## - LIBRARY OF CONGRESS CALL NUMBER
Classification number TP 455.N34 2016
100 ## - MAIN ENTRY--PERSONAL NAME
Personal name NAG AHINDRA
245 ## - TITLE STATEMENT
Title ANALYTHICAL AND INSTRUMENTAL TECHNIQUES IN AGRICULTURE, ENVIROMENTAL AND FOOD ENGINEERING
260 ## - PUBLICATION, DISTRIBUTION, ETC.
Place of publication, distribution, etc. DELHI
Name of publisher, distributor, etc. PF LEARNING PRIVATE LIMITED
Date of publication, distribution, etc. 2016
300 ## - PHYSICAL DESCRIPTION
Extent X,200
500 ## - GENERAL NOTE
General note INCLUDES AN INDEX
942 ## - ADDED ENTRY ELEMENTS (KOHA)
Source of classification or shelving scheme Library of Congress Classification
Koha item type Long Loan Book
Holdings
Withdrawn status Lost status Source of classification or shelving scheme Damaged status Not for loan Collection Home library Current library Shelving location Date acquired Inventory number Total checkouts Full call number Barcode Date last seen Copy number Price effective from Koha item type
    Library of Congress Classification     Science & Technology Kisii University Library Kisii University Library On Display 02/18/2026 111407   TP 455.N34 2016 000000018268 02/18/2026 C.1 02/18/2026 Long Loan Book
    Library of Congress Classification     Science & Technology Kisii University Library Kisii University Library On Display 02/18/2026 111408   TP 455.N34 2016 000000018269 02/18/2026 C.2 02/18/2026 Long Loan Book
    Library of Congress Classification     Science & Technology Kisii University Library Kisii University Library On Display 02/18/2026 111409   TP 455.N34 2016 000000018270 02/18/2026 C.3 02/18/2026 Long Loan Book
    Library of Congress Classification     Science & Technology Kisii University Library Kisii University Library On Display 03/06/2026 111410   TP 455 .N34 2016 A000816 03/06/2026 4 03/06/2026 Long Loan Book